| 000 | 00437cam a22001097a 4500 | ||
|---|---|---|---|
| 008 | 180718b2010 xxu||||| |||| 00| 0 eng d | ||
| 100 | _aSrivastava, Nidhi | ||
| 245 |
_aDrug abuse and drug trafficking in India- need for a comprehensive drug policy _cby Nidhi Srivastava |
||
| 260 |
_aNew Delhi _bIndian Institute of Public Administration _c2010 |
||
| 300 | _a74p. | ||
| 500 | _aAn APPPA M.Phil dissertation, 2009-10 (Guide: Prof. Sushma Yadav) | ||
| 999 |
_c501960 _d501960 |
||